1001 1560 1514 1499 1377 1434 1355 1481 1987 1786 1964 1956 1031 1568 1364 1976 1635 1257 1502 1793 1333 1961 1688 1341 1330 1419 1933 1109 1303 1479 1056 1032 1992 1839 1047 1373 1860 1067 1775 1222 1537 1399 1015 1433 1185 1987 1368 1932 1309 1853 1403 1737 1559 1810 1213 1438 1672 1219 1346 1006 1565 1772 1011 1292 1475 1678 1370 1139 1218 1262 1981 1181 1538 1340 1053 1415 1339 1551 1891 1671 1988 1242 1764 1286 1331 1413 1249 1964 1996 1672 1650 1667 1273 1339 1061 1530 1359 1407 1154 BCNSPRNW ULIB Ver.6.0+V

เปลี่ยนเป็นภาษาไทย

Change to English
 แสดงรายละเอียดบรรณานุกรม
  กลับหน้าหลัก

Brief Record : Get Marc (ISO 2709) : E-mail record : QR code < ปิดหน้าต่าง
LEADER : 00000nam 2200000uu 4500
001    13399121310
003     ULIB
008    121114s2547||||th 000 0 tha d
020    ^a9742728739
050 04 ^aPN^bส239ส
100 0  ^aสมชาย สำราญเวชพร
245 10 ^aเสียงหัวร่อจากห้องตรวจจิตแพทย์ /^cสมชาย สำราญเวชพร
246 32 ^aการฝึกภาคปฏิบัติการผ่อนคลายกล้ามเนื้อ
250    ^aพิมพ์ครั้งที่ 1
260    ^aกรุงเทพฯ :^bหมอชาวบ้าน,^c2547
300    ^a109 หน้า ;^c19 ซม. +^e1 วีซีดี
500    ^aวีซีดี ให้ชื่อว่า: การฝึกภาคปฏิบัติการผ่อนคลายกล้ามเนื้อ. (CD-Med ส241ก2547)
650  2 ^aPsychiatry^xpopular works
945    ^p130^l0^i24325
995    ^aวิภา
999 ^a ใช้งานได้ทุกระบบ
รายการนี้ยังไม่มีแท็ก
คุณยังไม่ได้ล็อกอิน คุณสามารถมีกิจกรรมร่วมกับเว็บไซต์ได้ แต่ต้องล็อกอินก่อน ::
  ล็อกอิน

รายการสื่อสารสนเทศ

ลำดับที่ ประเภท เลขเรียก/บาร์โค้ด สถานที่ สถานะ
1. วิทยาศาสตร์การแพทย์ และสุขภาพ
วิทยาศาสตร์การแพทย์ และสุขภาพ
PN ส239ส  
  Barcode: 24325
ห้องสมุดวิทยาเขตสวรรค์ประชารักษ์
►หนังสือทั่วไป
บนชั้น

รายการใกล้เคียง
    ผู้แต่ง [สมชาย สำราญเวชพร]

BibComment


ยังไม่เคยถูกคอมเมนท์

คอมเมนท์ทรัพยากรรายการนี้
  คอมเมนท์: เสียงหัวร่อจากห้..


 Copyright 2026. Bcnsprnw @Library